00305nam a22000977a 4500020001800000082001300018100001900031245010100050260003600151300002000187 a9780140455489 a895.135  aJulia, Lovell  aThe Real Story of Ah-Q and other Tales of China:bthe complete fiction of Lu Xun /cLovell Julia aLondon :bPenguin Books,c2009. a416 p. ;c20cm.